ბათუმის შოთა რუსთაველის სახელმწიფო უნივერსიტეტის ბიბლიოთეკა

Going for GOLD : (ბიბ.ჩანაწერი № 41636)

000 -LEADER
fixed length control field 00570nam a2200217Ia 4500
001 - CONTROL NUMBER
control field 8305
003 - CONTROL NUMBER IDENTIFIER
control field GE_BSU
005 - DATE AND TIME OF LATEST TRANSACTION
control field 20240429162705.0
008 - FIXED-LENGTH DATA ELEMENTS--GENERAL INFORMATION
fixed length control field 181216s2013||||enk|||||||||||||| ||eng||
020 ## - INTERNATIONAL STANDARD BOOK NUMBER
International Standard Book Number 978058259212
040 ## - CATALOGING SOURCE
Transcribing agency GE_BSU
080 ## - UNIVERSAL DECIMAL CLASSIFICATION NUMBER
Universal Decimal Classification number 811.111(075) B-96
100 ## - MAIN ENTRY--PERSONAL NAME
Personal name Burger, Sally
9 (RLIN) 14850
245 ## - TITLE STATEMENT
Title Going for GOLD :
Remainder of title Language maximizer /
Statement of responsibility, etc. Sally Burger.
264 ## - PRODUCTION, PUBLICATION, DISTRIBUTION, MANUFACTURE, AND COPYRIGHT NOTICE
Place of production, publication, distribution, manufacture Edinburgh :
Name of producer, publisher, distributor, manufacturer Longman,
Date of production, publication, distribution, manufacture, or copyright notice 2013.
300 ## - PHYSICAL DESCRIPTION
Extent 136 p. :
Other physical details Ill. ;
Dimensions 27cm.
Accompanying material CD.
653 ## - INDEX TERM--UNCONTROLLED
keyword Going for GOLD
653 ## - INDEX TERM--UNCONTROLLED
keyword Language maximizer
942 ## - ADDED ENTRY ELEMENTS (KOHA)
Koha item type წიგნი
Source of classification or shelving scheme
ეგზემპლარები
Withdrawn status Lost status Source of classification or shelving scheme Damaged status Not for loan Permanent Location Current Location Shelving location Date acquired Cost, normal purchase price Full call number Barcode Date last seen Copy number Price effective from Koha item type Public note
          ბათუმის შოთა რუსთაველის სახელმწიფო უნივერსიტეტის მთავარი ბიბლიოთეკა ბათუმის შოთა რუსთაველის სახელმწიფო უნივერსიტეტის მთავარი ბიბლიოთეკა წიგნსაცავი 2018-12-17 21.00 811.111(075) B-96 26695 2018-12-17 26695 2018-12-17 წიგნი 21.00 ₾.
          ბათუმის შოთა რუსთაველის სახელმწიფო უნივერსიტეტის მთავარი ბიბლიოთეკა ბათუმის შოთა რუსთაველის სახელმწიფო უნივერსიტეტის მთავარი ბიბლიოთეკა წიგნსაცავი 2018-12-17 21.00 811.111(075) B-96 26694 2018-12-17 26694 2018-12-17 წიგნი 21.00 ₾.